Agricultural marketing in India. (Record no. 30932)

MARC details
000 -LEADER
fixed length control field 00327nam a2200121Ia 4500
082 ## - DEWEY DECIMAL CLASSIFICATION NUMBER
Classification number 339.138:631(540)
Item number VAR
100 ## - MAIN ENTRY--AUTHOR NAME
Personal name VARMA, S C
245 #0 - TITLE STATEMENT
Title Agricultural marketing in India.
260 ## - PUBLICATION, DISTRIBUTION, ETC. (IMPRINT)
Place of publication New Delhi
Name of publisher Govt of India
Year of publication 1981
650 ## - SUBJECT ADDED ENTRY--TOPICAL TERM
Topical Term Agricultural marketing
942 ## - ADDED ENTRY ELEMENTS (KOHA)
Koha item type Books
Holdings
Withdrawn status Lost status Damaged status Not for loan Home library Current library Date acquired Full call number Accession Number Koha item type
        RRII Library RRII Library 16/12/2021 339.138:631(540) VAR J11488 Books